000 00438nam a22001697a 4500
005 20230118113757.0
008 200319b xxu||||| |||| 00| 0 eng d
020 _a9788123912479
041 _aeng
082 _a615.11
100 _aWHO
_95187
245 _aTHE INTERNATIONAL PHARMACOPOEIA:GENERAL METHODS OF ANALYSIS (VOL-I)
260 _aNEW DELHI
_bCBS
_c1991
300 _a222;p
650 _aPHARMACY
_xD.PHARMA
_97090
942 _cBK
999 _c6165
_d6163